000 00388nam a2200169Ia 4500
005 20250423094823.0
008 250422s9999 xx 000 0 und d
020 _a9780205589760
050 _aJF 51 .C62/
245 0 _aComparative politics today : a world wiew
250 _a9th ed.
260 _aNew York
260 _bPearson
260 _c2008
300 _a776 p
942 _cBK
999 _c28393
_d28393